000 00795nam a22002417a 4500
999 _c124345
_d124345
003 dpl
005 20190125131212.0
008 180606b xxu||||| |||| 00| 0 eng d
010 _aB-216853
020 _c90.00
_a8122503292
035 _aB-216853, B-216859, B-216861
037 _bCen Lib/Ret
040 _aDPL
_bEN
_c0
082 _a615.53
_bSRI
100 _aSrivastava, H.P.
_910430
245 _aSure cure :
_cby H.P. Srivastava
_bfor medical practitioners, students and those who are interested in homoeopathic treatment /
260 _aNew Delhi
_bKitab Mahal
_c2005
270 _bNew Delhi
_aNetaji Subhash Marg
_e110002
300 _axii,152p.
_c22cm(Hb)
650 _aDiet therapy
_910431
650 _aMedicine, Popular
_910432
942 _2ddc
_cEN
_h615.53
_mSRI